Essential mathematics for games and interactive applications : (Record no. 8619)

MARC details
000 -LEADER
fixed length control field 01425cam a22003254a 4500
001 - CONTROL NUMBER
control field 13449661
003 - CONTROL NUMBER IDENTIFIER
control field OSt
005 - DATE AND TIME OF LATEST TRANSACTION
control field 20240618152623.0
008 - FIXED-LENGTH DATA ELEMENTS--GENERAL INFORMATION
fixed length control field 040105s2004 ne a b 001 0 eng
010 ## - LIBRARY OF CONGRESS CONTROL NUMBER
LC control number 2003028267
020 ## - INTERNATIONAL STANDARD BOOK NUMBER
International Standard Book Number 155860863X (hardcover : alk. paper)
040 ## - CATALOGING SOURCE
Original cataloging agency DLC
Language of cataloging MUST
Transcribing agency DLC
Modifying agency DLC
042 ## - AUTHENTICATION CODE
Authentication code pcc
082 00 - DEWEY DECIMAL CLASSIFICATION NUMBER
Classification number 511.6
Item number VAN 2004
100 1# - MAIN ENTRY--PERSONAL NAME
Personal name Van Verth, James M.
9 (RLIN) 17461
245 10 - TITLE STATEMENT
Title Essential mathematics for games and interactive applications :
Remainder of title a programmers guide /
Statement of responsibility, etc. Jim M. van Verth, Lars M. Bishop.
260 ## - PUBLICATION, DISTRIBUTION, ETC. (IMPRINT)
Place of publication, distribution, etc. Amsterdam ;
-- Boston :
Name of publisher, distributor, etc. Morgan Kaufmann Publishers,
Date of publication, distribution, etc. 2004.
300 ## - PHYSICAL DESCRIPTION
Extent xxiv, 676 p. :
Other physical details ill. ;
Dimensions 24 cm. +
440 #4 - SERIES STATEMENT/ADDED ENTRY--TITLE
Title The Morgan Kaufmann series in interactive 3D technology
9 (RLIN) 17462
504 ## - BIBLIOGRAPHY, ETC. NOTE
Bibliography, etc Includes bibliographical references and index.
650 #0 - SUBJECT ADDED ENTRY--TOPICAL TERM
Topical term or geographic name as entry element Video games
General subdivision Programming
-- Mathematics.
9 (RLIN) 17463
650 #0 - SUBJECT ADDED ENTRY--TOPICAL TERM
Topical term or geographic name as entry element Three-dimensional display systems
General subdivision Mathematics.
9 (RLIN) 15833
650 #0 - SUBJECT ADDED ENTRY--TOPICAL TERM
Topical term or geographic name as entry element Computer graphics
General subdivision Mathematics.
9 (RLIN) 15834
700 1# - ADDED ENTRY--PERSONAL NAME
Personal name Bishop, Lars M.
9 (RLIN) 17464
856 42 - ELECTRONIC LOCATION AND ACCESS
Materials specified Publisher description
Uniform Resource Identifier http://www.loc.gov/catdir/description/els051/2003028267.html
856 41 - ELECTRONIC LOCATION AND ACCESS
Materials specified Table of contents
Uniform Resource Identifier http://www.loc.gov/catdir/toc/ecip0413/2003028267.html
906 ## - LOCAL DATA ELEMENT F, LDF (RLIN)
a 7
b cbc
c orignew
d 1
e ecip
f 20
g y-gencatlg
942 ## - ADDED ENTRY ELEMENTS (KOHA)
Source of classification or shelving scheme Dewey Decimal Classification
Koha item type Open Shelf
Holdings
Withdrawn status Lost status Source of classification or shelving scheme Damaged status Not for loan Home library Current library Date acquired Source of acquisition Inventory number Total Checkouts Full call number Barcode Date last seen Price effective from Koha item type
    Dewey Decimal Classification     MUST Main Library MUST Main Library 18/06/2024 Donation 2011/32850   511.6 VAN 2004 2024-20816 18/06/2024 18/06/2024 Open Shelf